Vista normal Vista MARC

Entrada Topical Term

Número de registros utilizados en: 21

001 - CONTROL NUMBER

  • control field: 3636

003 - CONTROL NUMBER IDENTIFIER

  • control field: OSt

005 - DATE AND TIME OF LATEST TRANSACTION

  • control field: 20200429114521.0

008 - FIXED-LENGTH DATA ELEMENTS

  • fixed length control field: 200429|| aca||aabn | a|a d

040 ## - CATALOGING SOURCE

  • Original cataloging agency: OSt
  • Transcribing agency: OSt

150 ## - HEADING--TOPICAL TERM

  • Topical term or geographic name entry element: Crecimiento económico

670 ## - SOURCE DATA FOUND

  • Source citation: Work cat.: (OSt)3448: López Toro, Alvaro, autor 3633, Migración y cambio social en Antioquia durante el siglo XIX /, 1979